000 01432namaa22003131i 4500
005 20260405123133.0
008 260303s1994 ua a|||frm||| 000 0 eng d
040 _aEG-GICUC
_beng
_cEG-GICUC
_dEG-GICUC
_erda
041 0 _aeng
_beng
_bara
049 _aDeposit
097 _aM.Sc
099 _aCai01.11.31.M.Sc.1994.Os.T.
100 0 _aOsama Mahrous Abdel-Aziz,
_epreparation.
245 1 0 _aTransvaginal Versus Transabdominal Ultrasonography In Evaluation Of Normal Pelvic Anatomy /
_cBy Osama Mahrous Abdel-Aziz; Under Supervision Of Dr. Hatem Mostafa ELGabaly, Dr. Abdel-Maguid I Ramzy.
246 1 5 _aدراسة مقارنة لفحص الموجات فوق الصوتية عن طريق المهبل وعن طريق البطن ايضاح الصفات التشريحية لأعضاء الخوض
264 0 _c1994.
300 _a152 Leaves :
_billustrations ;
_c30 cm. +
336 _2rda content
_atext
337 _2rdamedia
_aUnmediated
338 _2rdacarrier
_avolume
502 _aThesis (M.Sc.)-Cairo University, 1994.
504 _aBibliography: pages 139-152.
653 0 _aRadiodiagnosis
700 0 _aHatem Mostafa ELGabaly
_ethesis advisor.
700 0 _aAbdel-Maguid I Ramzy
_ethesis advisor.
900 _DDepartment of Radiodiagnosis
_FFaculty of Medicine
_UCairo University
_b1994
_cHatem Mostafa ELGabaly
_cAbdel-Maguid I Ramzy
905 _aEman El gebaly
_eNourhan
942 _2ddc
_cTH
_e21
_n0
999 _c178825